000 00693nam a2200241Ia 4500
005 20260430150517.0
008 008 250103s9999 xx 000 0 eng d
037 _aTheses
040 _aCRL
040 _beng
040 _ceng
041 _2eng
041 _aeng
084 _qCRL
100 _aNishu Au.; Singh Rajeev Gu.; Anil Kumar Gu.
_91237717
245 0 _aRole of Gut Microbiota-Derived Metabolite indoxyI Sulfate in in Vitro and in Vivo Study and Developing Sensor for its Quantification
260 _c2023
300 _a171p.
650 _aZoology
700 _aUniversity of Delhi. Faculty of Science. Deptt.of Zoology
942 _cTH
999 _c1849957
_d1849957